| 000 | 00943cam a2200265I 4500 | ||
|---|---|---|---|
| 001 | 9083 | ||
| 003 | BD-RjUL | ||
| 005 | 20211208234719.0 | ||
| 008 | 140120r19651962ilu b 00100 engm | ||
| 035 | _a(BD-RjUL)9128 | ||
| 040 |
_aDLC _cKSU _dSER _dBOS _dBD-RjUL _beng |
||
| 041 | _aeng | ||
| 082 | 0 | 4 |
_216 _a537.16 _bCHP 1965 |
| 090 |
_aQC718 _b.F60 |
||
| 100 | 1 |
_aChandrasekhar, S. _q(Subrahmanyan), _d1910-1995. _927721 |
|
| 245 | 1 | 0 |
_aPlasma physics : _ba course given at the University of Chicago / _cNotes compiled by S.K. Trehan. |
| 260 |
_aChicago : _bUniversity of Chicago Press, _c1962 [impression 1965]. |
||
| 300 |
_a217 p. : _c21 cm. |
||
| 500 | _aA reproduction of Trehan's notes of 19 lectures, with only minor amplifications at a few places. | ||
| 504 | _aIncludes biblioraphy. | ||
| 650 | 0 |
_aPlasma (Ionized gases) _928196 |
|
| 700 | 1 |
_aTrehan, S. K. _q(Surindar Kumar), _d1931- _928197 |
|
| 942 |
_2ddc _cBK |
||
| 999 |
_c9083 _d9083 |
||